A test of poetry / (Record no. 89864)
[ view plain ]
| 000 -LEADER | |
|---|---|
| fixed length control field | 00762cam2a220024100 4500 |
| 001 - CONTROL NUMBER | |
| control field | qce00862520 |
| 005 - DATE AND TIME OF LATEST TRANSACTION | |
| control field | 20190816105512.0 |
| 008 - FIXED-LENGTH DATA ELEMENTS--GENERAL INFORMATION | |
| fixed length control field | 760701c19641948nyu 000 0 eng d |
| 010 ## - LIBRARY OF CONGRESS CONTROL NUMBER | |
| LC control number | 59013024 |
| 035 ## - SYSTEM CONTROL NUMBER | |
| System control number | (Sirsi) r84226 |
| 035 ## - SYSTEM CONTROL NUMBER | |
| System control number | (QCAT)lss01303505 |
| 035 ## - SYSTEM CONTROL NUMBER | |
| System control number | (UPRA)qce00862520 |
| 040 ## - CATALOGING SOURCE | |
| Modifying agency | UPRA |
| 100 1# - MAIN ENTRY--PERSONAL NAME | |
| Personal name | Zukofsky, Louis, 1904-1978. |
| Dates associated with a name | Zukofsky, Louis, 1904-1978. |
| Linkage | A44144.1 |
| 245 12 - TITLE STATEMENT | |
| Title | A test of poetry / |
| Statement of responsibility, etc. | Louis Zukofsky. |
| 260 ## - PUBLICATION, DISTRIBUTION, ETC. | |
| Place of publication, distribution, etc. | New York : |
| Name of publisher, distributor, etc. | Jargon/Corinth Books, |
| Date of publication, distribution, etc. | 1964, c1948. |
| 500 ## - GENERAL NOTE | |
| General note | "Jargon 11." |
| 500 ## - GENERAL NOTE | |
| General note | Printed wrappers. |
| 500 ## - GENERAL NOTE | |
| General note | First published in 1948. |
| 650 #0 - SUBJECT ADDED ENTRY--TOPICAL TERM | |
| Topical term or geographic name entry element | Poetry -- Collections. |
| General subdivision | Poetry -- Collections. |
| Linkage | S34774.1 |
| 949 ## - LOCAL PROCESSING INFORMATION (OCLC) | |
| a | PN6101 |
| w | lcc |
| i | -117162 |
| m | MAIN |
| t | BOOK |
| l | ON-SHELF |
No items available.